Normal view
MARC view
- سميث،ج.ملتون؛ ترجمة ابراهيم بسيوني عميرة
Entry Personal Name
001 - CONTROL NUMBER
- control field: 38936
003 - CONTROL NUMBER IDENTIFIER
- control field: JO-AjAnu
005 - DATE AND TIME OF LATEST TRANSACTION
- control field: 20230606080459.0
008 - FIXED-LENGTH DATA ELEMENTS
- fixed length control field: 230606|| aca||aabn | a|a d
040 ## - CATALOGING SOURCE
- Original cataloging agency: JO-AjAnu
- Transcribing agency: JO-AjAnu
100 ## - HEADING--PERSONAL NAME
- Personal name: سميث،ج.ملتون؛ ترجمة ابراهيم بسيوني عميرة
670 ## - SOURCE DATA FOUND
- Source citation: Work cat.: (JO-AjAnu)19970: سميث،ج.ملتون؛ ترجمة ابراهيم بسيوني عميرة, author, الدليل الى الاحصاء في التربية وعلم النفس=This is a translation of A Simplified Guide to Statistics for Psychology and Education